| 000 | 00463nam a2200145 i 4500 | ||
|---|---|---|---|
| 001 | 58271 | ||
| 003 | ES-MaACL | ||
| 007 | t| | ||
| 008 | 031021s1920 fr ||||1| fre d | ||
| 100 | 1 |
_aDufayel, Henri. _945887 |
|
| 245 | 1 | 0 |
_aCours de comptabilité adapté au programme des écoles superieures de commerce / _cpar Henri Dufayel. |
| 260 |
_aParis : _b[s.n., _c1920] ( _eMaçon : _fProtat Frères) |
||
| 300 |
_aXIV, 238 p. ; _c24 cm. |
||
| 852 |
_aES-MaACL _jB-5305 |
||
| 999 |
_c58271 _d58271 |
||